Welcome to the Holygrace Academy Library

Please use search bar below to get started

AVASANATHE SHILPAM (Record no. 7186)

MARC details
000 -LEADER
fixed length control field 00395nam a22001697a 4500
020 ## - INTERNATIONAL STANDARD BOOK NUMBER
ISBN 978-93-85064-84-5
082 ## - DEWEY DECIMAL CLASSIFICATION NUMBER
Classification number 894.812.3
Item number ASH/A
100 ## - MAIN ENTRY--AUTHOR NAME
Personal name ASHTAMOORTHI
245 ## - TITLE STATEMENT
Title AVASANATHE SHILPAM
246 ## - VARYING FORM OF TITLE
Title proper/short title AVASANATHE SHILPAM
Remainder of title AVASANATHE SHILPAM
250 ## - EDITION STATEMENT
Edition statement 2
260 ## - PUBLICATION, DISTRIBUTION, ETC. (IMPRINT)
Place of publication PALAKKAD
Name of publisher LOGOS BOOK
300 ## - PHYSICAL DESCRIPTION
Number of Pages 104
520 ## - SUMMARY, ETC.
Summary, etc NOVEL
650 ## - SUBJECT ADDED ENTRY--TOPICAL TERM
Topical Term MALAYALAM NOVEL
Geographic subdivision KERALA
942 ## - ADDED ENTRY ELEMENTS (KOHA)
Koha item type Books
Holdings
Withdrawn status Lost status Collection code Home library Current library Shelving location Date acquired Source of acquisition Cost, normal purchase price Full call number Accession Number Koha item type
    Fiction Main Library Main Library NEW SHELF WITH NEW ENTRY 26/10/2023 PURCHASE 100.00 894.812.3 ASH/A 13096 Books